| 000 | 00536nam a2200229 a 4500 | ||
|---|---|---|---|
| 001 | nice12345678 | ||
| 003 | IN_TiNIC | ||
| 005 | 20260116014929.0 | ||
| 008 | 100209s2001 lona grp 000 0 eng | ||
| 020 |
_a9780281051410 _c100 |
||
| 082 | 0 | 0 |
_a223.2 _bROG |
| 100 | _aRogerson, John | ||
| 245 | _aPsalms in Daily Life | ||
| 260 |
_aLondon _bSPCK _c2001 |
||
| 300 | _a104p | ||
| 500 | _aincludes index and biblioraphy | ||
| 650 | _aPsalms | ||
| 700 | 1 | _aRogerson, John | |
| 902 | _bSRS | ||
| 942 | _cBK | ||
| 999 |
_c17592 _d17592 |
||